00678nam a2200181 a 4500003000200000005001700002008004100019050002900060100002800089245007700117260009000194300004000284504004100324650004100365650002300406650004400429650002300473020250225091027.0101013s19uu xx 00 eng d aPHS HQ 759.48b.G16 2010 aGarcia, Angelo Raphael. aMaternal employment and mood management skills /cAngelo Raphael Garcia. aLas Piñas City, Philippines :bSouthville International School and Colleges,c2010. a22 pages :billustrations ;c29 cm. aIncludes bibliographical references. aMaternal employmentxSocial aspects. aStress management. aWorking mothersxPsychological aspects. aWork-life balance.